Hidden empire /

Bibliographic Details
Main Author: Anderson, Kevin J., 1962-
Format: Book
Language:English
Published: New York : Warner Books, [2002]
Series:Anderson, Kevin J., 1962- Saga of seven suns ; bk. 1.
Subjects:

MARC

Tag First Indicator Second Indicator Subfields
LEADER 00000cam a22000008a 4500
001 in00001705039
005 20151024152303.0
008 020726s2002 nyu 000 1 eng
010 |a  2002031102 
020 |a 0446528625 
035 |a (OCoLC)ocm50322760 
040 |a DLC  |c DLC  |d TXA  |d UtOrBLW 
049 |a TXAM 
050 0 0 |a PS3551.N37442  |b H53 2002 
082 0 0 |a 813/.54  |2 21 
100 1 |a Anderson, Kevin J.,  |d 1962- 
245 1 0 |a Hidden empire /  |c Kevin J. Anderson. 
264 1 |a New York :  |b Warner Books,  |c [2002] 
264 4 |c ©2002 
300 |a 453 pages ;  |c 24 cm. 
336 |a text  |b txt  |2 rdacontent 
337 |a unmediated  |b n  |2 rdamedia 
338 |a volume  |b nc  |2 rdacarrier 
490 1 |a The saga of seven suns ;  |v bk. 1 
650 0 |a Life on other planets  |v Fiction. 
655 7 |a Science fiction.  |2 gsafd 
800 1 |a Anderson, Kevin J.,  |d 1962-  |t Saga of seven suns ;  |v bk. 1. 
994 |a E0  |b TXA 
948 |a cataloged  |b h  |c 2002/9/11  |d c  |e nrodrigu  |f 3:47:59 pm 
999 |a MARS 
999 f f |s 67ae53d4-a9ce-3fb4-9d7c-04063f780c29  |i ab4cb5b6-c9f8-3537-b134-6b682da81bf3  |t 0 
952 f f |p normal  |a Texas A&M University  |b College Station  |c Sterling C. Evans Library  |s Evans stk  |d Evans: Library Stacks  |t 0  |e PS3551.N37442 H53 2002  |h Library of Congress classification  |i unmediated -- volume  |m A14829152651 
998 f f |a PS3551.N37442 H53 2002  |t 0  |l Evans: Library Stacks